LEADER 01032nam0 22003133i 450 001 LO10260550 005 20231121125516.0 020 $aIT$b635689 100 $a20030714d1963 ||||0itac50 ba 101 | $aita 102 $ait 181 1$6z01$ai $bxxxe 182 1$6z01$an 200 1 $aManzoni$fLuigi Tonelli 210 $aMilano$cDall'Oglio$dstampa 1963 215 $a430 p.$d23 cm 225 | $aVasari 300 $aIn custodia 410 0$1001LO10260551$12001 $aVasari 700 1$aTonelli$b, Luigi$f <1890-1939>$3RAVV079648$4070$02014 801 3$aIT$bIT-01$c20030714 850 $aIT-RM0289 $aIT-FR0017 899 $aBiblioteca Statale A. Baldini$bRM0289 899 $aBiblioteca umanistica Giorgio Aprea$bFR0017 $eN 912 $aLO10260550 950 0$aBiblioteca umanistica Giorgio Aprea$d 52DFV G 61$e 52BUN0000114125 VMB RS $fA $h20151117$i20151117 977 $a 04$a 52 996 $aManzoni$9169232 997 $aUNICAS